000
00270 a2200097 4500
082
_a
624.1821 DAY
100
_a
Dayaratnam,P
245
_a
Design of Steel Structures /
_c
P.Dayaratnam
260
_a
New Delhi :
_c
S.Chand & comp,
_b
2003
300
_a
XII,868P. :
_b
ill . ;
_c
25 cm
650
_a
steel structure
999
_c
1281
_d
1281